The principal laws relating to Forest Service state and private forestry programs.

Bibliographic Details
Corporate Authors: United States, United States. Forest Service
Format: Government Document Book
Language:English
Published: [Washington, D.C.?] : U.S. Dept. of Agriculture, Forest Service, [2003]
Subjects:

MARC

Tag First Indicator Second Indicator Subfields
LEADER 00000cam a2200000 a 4500
001 in00001739913
005 20151025051412.0
008 030421s2003 dcu b f000 0 eng c
035 |a (OCoLC)ocm52125598 
040 |a GPO  |c GPO  |d MvI  |d UtOrBLW 
042 |a pcc 
049 |a UDOC 
074 |a 0084 
086 0 |a A 13.2:P 93/5 
088 |a FS-758 
110 1 |a United States. 
245 1 4 |a The principal laws relating to Forest Service state and private forestry programs. 
264 1 |a [Washington, D.C.?] :  |b U.S. Dept. of Agriculture, Forest Service,  |c [2003] 
300 |a iii, 52 pages ;  |c 22 cm. 
336 |a text  |b txt  |2 rdacontent 
337 |a unmediated  |b n  |2 rdamedia 
338 |a volume  |b nc  |2 rdacarrier 
500 |a Cover title. 
500 |a "March 2003." 
500 |a Shipping list number: 2003-0165-P. 
500 |a Shipping List Date: 04/17/2003 
504 |a Includes bibliographical references. 
500 |a "FS-758." 
610 1 0 |a United States.  |b Forest Service. 
650 0 |a Forest reserves  |x Law and legislation  |z United States. 
710 1 |a United States.  |b Forest Service. 
999 |a MARS 
999 f f |s 756540f0-f7af-33f2-a16e-1a02a3f194ab  |i cd8565c5-5a30-3f36-bb64-92dba784d743  |t 0 
952 f f |p normal  |a Texas A&M University  |b College Station  |c Sterling C. Evans Library  |d Evans: US Documents (Annex 5th floor)  |t 0  |e A 13.2:P 93/5  |h Superintendent of Documents classification  |i unmediated -- volume  |m A14830136472 
998 f f |a A 13.2:P 93/5  |t 0  |l Evans: US Documents (Annex 5th floor)